00629nam a22001937a 450000500170000001000150001702000260003203500140005803700130007208200120008510000270009724501010012425000120022526000250023727000840026230000310034650000370037770000210041420181228121045.0 aENG-124335 a9789352869350c529.00 aEN-107867 bDBAD/PUB a515.353 aSivaramakrishna Das P. aTransforms and partical differential equations /cby P. Sivaramakrishna Das [and] C. Vijaykumari a6th ed. aNoidabPearsonc2018 a15th Floor, Tower B, Worls Trade Tower, Plot No.1, Block -CbNoida (UP)e201301 avarious pagingc26cm.(pbk) aIt includes Formulae to remember aVijaykumari C.